| 000 | 00734nam a2200181 4500 | ||
|---|---|---|---|
| 001 | 131655 | ||
| 003 | ES-MaACL | ||
| 005 | 20230906194024.0 | ||
| 007 | t| | ||
| 008 | 070214s1983 sp r ||||1| spa d | ||
| 100 | 1 |
_aRodríguez-Izquierdo Gil, José María. _998585 |
|
| 245 | 1 | 0 |
_aComportamiento catalítico de los óxidos 4f _b: estudio de su actividad en la descomposición de etanol, 1-propanol, 2-propanol, 1-pentanol y 2-pentanol / _cJosé María Rodríguez-Izquierdo Gil. |
| 260 |
_aCádiz : _bUniversidad, Servicio de Publicaciones, _c1983. |
||
| 300 |
_a35 p. : _bil. ; _c25 cm. |
||
| 500 | _aTesis Universidad de Cádiz (extracto) | ||
| 710 | 2 |
_aUniversidad de Cádiz. _9171718 |
|
| 852 |
_aES-MaACL _j2130-F-8 _bR.105764 |
||
| 999 |
_c131655 _d131655 |
||